[Event "CZE-chT2e 0506"]
[Site "Czech Republic"]
[Date "2006.02.26"]
[Round "8.4"]
[White "Krcal, Michal"]
[Black "Bernatik, Lubomir"]
[Result "1-0"]
[WhiteElo "2047"]
[BlackElo "1905"]
[PlyCount "41"]
[EventDate "2005.10.16"]
[EventType "team"]
[EventRounds "11"]
[EventCountry "CZE"]
[SourceTitle "EXT 2008"]
[Source "ChessBase"]
[SourceDate "2007.11.25"]
[SourceVersion "1"]
[SourceVersionDate "2007.11.25"]
[SourceQuality "1"]

1. d4 Nf6 2. c4 g6 3. Nc3 Bg7 4. e4 d6 5. Nf3 0-0 6. Be2 e5 7. 0-0 Nc6 8. d5 Ne7 9. b4 Ne8 10. Re1 f5 11. Nd2 f4 12. c5 g5 13. Nc4 Ng6 14. Ba3 a6 15. b5 axb5 16. Nxb5 Rf6 17. Rc1 Bf8 18. Bh5 Qd7 19. Qb3 g4 20. cxd6 cxd6 21. Nb6 1-0